000 00252nam a2200109Ia 4500
008 220204s9999 xx 000 0 und d
082 _a82-3
_bALC
100 _aAlcott, Louisa May
245 0 _aLittle women
260 _aNew Delhi
_bS chand
942 _cBK
999 _c35532
_d35532